Nová galéria umenia, Nové Zámky

Salvato in:
Dettagli Bibliografici
Autore principale: Szabóová, Sabína (Autore)
Altri autori: Daniel, Peter (Relatore della tesi)
Natura: Manoscritto Libro
Lingua:slovacco
Pubblicazione: 2025
Soggetti:
Accesso online:http://is.stuba.sk/zp/portal_zp.pl?podrobnosti=185564
Tags: Aggiungi Tag
Nessun Tag, puoi essere il primo ad aggiungerne!!

MARC

LEADER 00000ntm a22000003a 4500
001 stuzp104722
003 SK-STU
005 20250607210744.0
007 ta
008 150427s2015----xo-----f-mn---000-0-slo-d
040 |a STU  |b slo 
041 0 |a slo 
100 1 |a Szabóová, Sabína  |u 055150  |4 aut  |U FAD Fakulta architektúry a dizajnu  |T FAD Ústav interiéru a výstavníctva  |X 103665  |U A5150  |Y 396  |7 103665 
242 0 1 |a New Art Gallery, Nové Zámky  |y eng 
245 1 0 |a Nová galéria umenia, Nové Zámky 
260 |c 2025 
650 4 |a art  |2 eng 
650 4 |a artist’s studio  |2 eng 
650 4 |a art gallery  |2 eng 
650 4 |a umenie  |2 slo 
650 4 |a ateliér pre umelca  |2 slo 
650 4 |a galéria umenia  |2 slo 
700 1 |a Daniel, Peter  |u 055150  |k Z1  |4 ths  |U FAD Fakulta architektúry a dizajnu  |T FAD Ústav interiéru a výstavníctva  |X 388  |U A5150  |Y 396  |7 A000000388 
856 4 |u http://is.stuba.sk/zp/portal_zp.pl?podrobnosti=185564